Romeo and Juliet. (Record no. 129584)

MARC details
000 -LEADER
fixed length control field 00851cam a2200289 4500
008 - FIXED-LENGTH DATA ELEMENTS--GENERAL INFORMATION
fixed length control field
020 ## - INTERNATIONAL STANDARD BOOK NUMBER
International Standard Book Number 0140714197 (pbk.)
049 ## - LOCAL HOLDINGS (OCLC)
Holding library MAIN
090 00 - LOCALLY ASSIGNED LC-TYPE CALL NUMBER (OCLC); LOCAL CALL NUMBER (RLIN)
Classification number (OCLC) (R) ; Classification number, CALL (RLIN) (NR) PR2831.A2
Local cutter number (OCLC) ; Book number/undivided call number, CALL (RLIN) SHA
003 - CONTROL NUMBER IDENTIFIER
control field
005 - DATE AND TIME OF LATEST TRANSACTION
control field 20230123122212.0
040 ## - CATALOGING SOURCE
Transcribing agency NUST
100 1# - MAIN ENTRY--PERSONAL NAME
Personal name Shakespeare, William
245 10 - TITLE STATEMENT
Title Romeo and Juliet.
Statement of responsibility, etc. Edited by John E. Hankins.
250 ## - EDITION STATEMENT
Edition statement [Rev. ed.]
260 ## - PUBLICATION, DISTRIBUTION, ETC.
Place of publication, distribution, etc. Baltimore,
Name of publisher, distributor, etc. Penguin Books
Date of publication, distribution, etc. [1971, c1970]
300 ## - PHYSICAL DESCRIPTION
Extent 150 p. ;
Dimensions 19 cm.
440 0# - SERIES STATEMENT/ADDED ENTRY--TITLE
Title The Pelican Shakespeare
650 #0 - SUBJECT ADDED ENTRY--TOPICAL TERM
Topical term or geographic name entry element Romeo (Fictitious character)
Form subdivision Drama.
650 #0 - SUBJECT ADDED ENTRY--TOPICAL TERM
Topical term or geographic name entry element Juliet (Fictitious character)
Form subdivision Drama.
651 #0 - SUBJECT ADDED ENTRY--GEOGRAPHIC NAME
Geographic name Verona (Italy)
General subdivision Drama.
650 #0 - SUBJECT ADDED ENTRY--TOPICAL TERM
Topical term or geographic name entry element Vendetta
General subdivision Drama.
650 #0 - SUBJECT ADDED ENTRY--TOPICAL TERM
Topical term or geographic name entry element Youth
General subdivision Drama.
700 1# - ADDED ENTRY--PERSONAL NAME
Personal name Hankins, John Erskine.
907 ## - LOCAL DATA ELEMENT G, LDG (RLIN)
a .b10372246
b 23-03-16
c 23-03-16
942 ## - ADDED ENTRY ELEMENTS (KOHA)
Koha item type Ordinary Loan Books
Call number prefix PR2831.A2
Call number suffix SHA
Holdings
Date last seen Total Checkouts Full call number Barcode Cost, replacement price Price effective from Koha item type Lost status Source of classification or shelving scheme Damaged status Not for loan Collection Withdrawn status Home library Current library Shelving location Date acquired Cost, normal purchase price
01/23/2023   PR2831.A2 ROM 92004038244 80.00 01/23/2023 BOOKS   LCC     NFIC   MAIN MAIN GEN 01/23/2023 80.00